| 000 | 00762nam a22001937a 4500 | ||
|---|---|---|---|
| 003 | BD-DhUL | ||
| 005 | 20161026101353.0 | ||
| 008 | 161026s1983 ii a|||| |||| 000 0 ben d | ||
| 040 |
_aBD-DhUL _cBD-DhUL |
||
| 082 |
_a891.443 _bGAK |
||
| 100 | 1 | _aগঙ্গোপাধ্যায়, শ্যামল | |
| 245 | 1 | 0 |
_aকুবেরের বিষয় আশয় / _cশ্যামল গঙ্গোপাধ্যায় |
| 260 |
_aকলকাতা : _bকরুণা প্রকাশনী, _c১৯৮৩. |
||
| 300 |
_a২৭৫ পৃ. ; _c২২ সে.মি. |
||
| 490 | 0 | _aসমাজ, সংস্কৃতি, নারী-১ | |
| 650 | 0 | _aবাংলা উপন্যাস | |
| 650 | 0 | _aBengali novel | |
| 942 |
_2ddc _cBK |
||
| 999 |
_c115188 _d115188 |
||